[Event "Karvina Open"]
[Site "Karvina CZE"]
[Date "2011.07.09"]
[Round "8.16"]
[White "Szotkowski,J"]
[Black "Lys,J"]
[Result "1/2-1/2"]
[WhiteElo "1948"]
[BlackElo "2185"]

1.Nf3 d5 2.c4 c6 3.d4 Nf6 4.Nc3 dxc4 5.a4 Bf5 6.e3 Bd3 7.Bxd3 cxd3 8.Qxd3 g6
9.O-O Bg7 10.b3 O-O 11.Ba3 Re8 12.Ne5 Nbd7 13.f4 e6 14.Rad1 Qc7 15.Nc4 c5
16.Nb5 Qc6 17.Ne5 Nxe5 18.fxe5 Ne4 19.Rf4 a6 20.Nd6 Nxd6 21.exd6 Qxd6 22.Bxc5 Qc6
23.Rdf1 b6 24.Ba3 Ra7 25.Rc1 Qd5 26.Rd1 Rd8 27.Rf2 f5 28.Rfd2 Bh6 29.Kf2 Rc8
30.Re2 Rf7 31.Kg1 b5 32.Bc5 Qc6 33.axb5 axb5 34.b4 Rd7 35.e4 fxe4 36.Rxe4 Bg7
37.Rde1 Rd5 38.Qe3 Qd7 39.Ra1 e5 40.Ra7 Qe6 41.Qe2 Qc6 42.h3 Kh8 43.Ra5 Ra8
44.Rxa8+ Qxa8 45.Qxb5 Rd8 46.Qd3 exd4 47.Bb6 Rd7 48.Qe2 Qa1+ 49.Kh2 h5 50.Qb5 Qa8
51.Re6 Qd5 52.Qxd5 Rxd5 53.Re1 d3 54.Rd1 d2 55.Be3 Bc3 56.Kg1 Bxb4 57.Kf2 Kg7
58.Ke2 Kf6 59.Bxd2 Bxd2 60.Rxd2 Rxd2+  1/2-1/2

[Event "1st Crakow Closed GM"]
[Site "Krakow POL"]
[Date "2011.07.09"]
[Round "8.2"]
[White "Fodor,T jr"]
[Black "Sadzikowski,D"]
[Result "1-0"]
[WhiteElo "2460"]
[BlackElo "2388"]

1.Nf3 d5 2.c4 c6 3.g3 Nf6 4.Bg2 g6 5.b3 Bg7 6.Bb2 O-O 7.O-O Bg4 8.d4 Bxf3
9.Bxf3 Re8 10.Nd2 Nbd7 11.cxd5 cxd5 12.Bg2 Rc8 13.Nf3 e6 14.Ne1 Qa5 15.Nd3 Ne4
16.e3 b6 17.f3 Nd6 18.e4 Nb5 19.e5 Bh6 20.f4 Bf8 21.a3 Nc3 22.Qe1 Qb5 23.Nc1 Na4
24.Rf2 Nxb2 25.Rxb2 Qc6 26.Ne2 Rc7 27.h4 Rec8 28.h5 Qb5 29.Qd2 Qa5 30.Qd3 Nb8
31.g4 Qa6 32.Qd1 Nc6 33.Kh2 Na5 34.f5 Bh6 35.Bf1 Qb7 36.Qd3 Kg7 37.Bh3 Bg5
38.Rf1 Qc6 39.Bg2 Qe8 40.Rf3 gxh5 41.gxh5 Kh8 42.Ng1 Nc6 43.Nh3 Bc1 44.Rbf2 Ne7
45.f6 Nf5 46.Ng1 Qc6 47.Bh3 Rg8 48.Bxf5 exf5 49.Rg3 Rxg3 50.Qxg3 Bh6 51.Qf3 f4
52.Ne2 Qe6 53.Nxf4 Bxf4+ 54.Qxf4 Rc3 55.Rf3 Rc2+ 56.Kg3 Rc8 57.Qf5 Rc3 58.Qg4 Qxg4+
59.Kxg4 Rc6 60.Kg5 Kg8  1-0

[Event "Lev Polugaevsky Mem"]
[Site "Samara RUS"]
[Date "2011.07.09"]
[Round "5"]
[White "Kondenko,A"]
[Black "Muzovatkin,D"]
[Result "1/2-1/2"]
[WhiteElo "2237"]
[BlackElo "2003"]

1.Nf3 d5 2.c4 c6 3.e3 Nf6 4.Qc2 g6 5.Nc3 Bf5 6.Qb3 Qb6 7.Qa4 Nbd7 8.d4 Bg7
9.cxd5 cxd5 10.Be2 O-O 11.O-O Rac8 12.Nh4 Be6 13.f4 Nb8 14.Qa3 Nc6 15.Na4 Qc7
16.Nc5 Bg4 17.Bd3 e6 18.Bd2 Qe7 19.Nb3 Qxa3 20.bxa3 Nd7 21.h3 Bf5 22.Nxf5 gxf5
23.Rab1 Nf6 24.Rfc1 Ne4 25.Be1 Rfd8 26.a4 Bf8 27.Nc5 Nxc5 28.dxc5 Rd7 29.g4 fxg4
30.hxg4 Nd8 31.Bh4 Bxc5 32.Kg2 Rdc7 33.Rh1 f5 34.gxf5 Bxe3 35.Kf3 Bd4 36.Rh3 e5
37.fxe5 Bxe5 38.Rb5 Rd7 39.Kg4 Nf7 40.f6 a6 41.Rb1 Nd6 42.Re1 Ne4 43.Bxe4 dxe4
44.Rxe4 Rd4 45.Rxd4 Bxd4 46.Rd3 Rc4 47.Kf5 Kf7 48.Rb3 Rc7 49.Bg5 Ba1 50.Rb6 Rd7
51.Be3 Bc3 52.Kg5 Ba5 53.Rb3 Bd8 54.Kh6 Ke6 55.Bg5 Rf7 56.Re3+ Kd7 57.Rd3+ Ke8
58.Re3+ Kf8 59.Re6 Rd7 60.Re4 Rd6 61.Kxh7 Bxf6 62.Bf4 Rd4 63.Rxd4 Bxd4 64.Kg6 Ke7
65.Kf5 Kd7 66.Ke4 Bg7  1/2-1/2

[Event "34th Aegean Open"]
[Site "Aghios Kirykos GRE"]
[Date "2011.07.10"]
[Round "2"]
[White "Tsiotridis,P"]
[Black "Karagiannis,T"]
[Result "1-0"]
[WhiteElo "2033"]
[BlackElo "1720"]

1.Nf3 d5 2.c4 c6 3.g3 Nf6 4.Bg2 Bf5 5.b3 e6 6.Bb2 Nbd7 7.O-O Be7 8.d3 h6
9.Nbd2 O-O 10.Rc1 b5 11.Nd4 bxc4 12.Nxc6 Qe8 13.dxc4 Nb6 14.cxd5 Nbxd5 15.h3 a6
16.e4  1-0

[Event "ch-BEL Open"]
[Site "Antwerp BEL"]
[Date "2011.07.10"]
[Round "9.14"]
[White "Roos,Ad"]
[Black "De Kaey,P"]
[Result "1-0"]
[WhiteElo "2123"]
[BlackElo "1955"]

1.Nf3 d5 2.c4 c6 3.d4 g6 4.Nc3 Bg7 5.Qb3 Nf6 6.Bf4 O-O 7.e3 Qa5 8.Be2 dxc4
9.Bxc4 b5 10.Bd3 Be6 11.Qd1 Nd5 12.Bg5 Nxc3 13.bxc3 Qxc3+ 14.Kf1 Bc4 15.Bxc4 Qxc4+
16.Kg1 f6 17.Bh4 Nd7 18.h3 a5 19.Kh2 Rfc8 20.e4 b4 21.Qd2 a4 22.Rhc1 Qb5
23.Rab1 Rab8 24.Bg3 Rb7 25.Ne1 e5 26.Nd3 Bh6 27.f4 exf4 28.Bxf4 Bxf4+ 29.Nxf4 b3
30.Rc3 Qa5 31.Nd5 Kg7 32.Ne7 Rcc7 33.axb3 axb3 34.Nf5+ gxf5 35.Rg3+ Kf7 36.Qxa5  1-0

[Event "XXXIV Open"]
[Site "Barbera del Valles ESP"]
[Date "2011.07.10"]
[Round "7"]
[White "Vassallo Barroche,M"]
[Black "Ibarra Jerez,JC"]
[Result "1-0"]
[WhiteElo "2416"]
[BlackElo "2530"]

1.Nf3 d5 2.c4 d4 3.g3 Nc6 4.Bg2 e5 5.d3 Nf6 6.O-O Nd7 7.e3 Be7 8.Na3 Nc5
9.exd4 exd4 10.Nc2 a5 11.b3 O-O 12.Bb2 Bf5 13.Ncxd4 Nxd4 14.Bxd4 Nxd3 15.Qd2 c6
16.Rad1 Bb4 17.Bc3 Qc8 18.Nh4 Rd8 19.Bxb4 axb4 20.Qe3 Re8 21.Qg5 Re5 22.Nxf5 Rxf5
23.Qe3 Ne5 24.Bh3 Nf3+ 25.Kg2 Ng5 26.Bxf5 Qxf5 27.h4 Qh3+ 28.Kg1 Ne6 29.Rfe1 h6
30.Rd2 Ra5 31.Qb6 Rh5 32.Qxb7 Ng5 33.Qxc6 Rxh4 34.Re8+ Kh7 35.Rdd8 f6 36.Rh8+ Kg6
37.Qe8+ Kf5 38.Rd5+ Kg4 39.Qd7+ Kh5 40.Qxh3 Rxh3 41.Kg2  1-0

[Event "118th ch-SCO"]
[Site "Edinburgh SCO"]
[Date "2011.07.10"]
[Round "2"]
[White "Pritchett,C"]
[Black "Parks,J"]
[Result "1-0"]
[WhiteElo "2342"]
[BlackElo "1927"]

1.Nf3 d5 2.c4 e6 3.g3 Nf6 4.Bg2 c5 5.O-O Nc6 6.cxd5 exd5 7.d4 c4 8.Nc3 Be6
9.Ne5 Be7 10.b3 cxb3 11.Nxc6 bxc6 12.Qxb3 O-O 13.Ba3 Ne4 14.Bxe7 Qxe7 15.Qc2 Nd6
16.Rfe1 f5 17.e3 Nc4 18.Na4 Rab8 19.Nc5 Rb6 20.Bf1 Rfb8 21.Nxe6 Qxe6 22.Bxc4 dxc4
23.Rec1 Rb2 24.Qxc4 Qxc4 25.Rxc4 Rd2 26.Rxc6 Rbb2 27.Rf1 Rxa2 28.Rc5 g6 29.Rc7 a5
30.Ra7 h6 31.Rc1 Rdc2 32.Rxc2 Rxc2 33.Rxa5 Kf7 34.h4 Rc1+ 35.Kg2 Rc2 36.Kf3 Rd2
37.h5 g5 38.Rxf5+  1-0

[Event "5th Varna Open"]
[Site "Golden Sands BUL"]
[Date "2011.07.10"]
[Round "9"]
[White "Arnaudov,G"]
[Black "Savenkov,K"]
[Result "1-0"]
[WhiteElo "2439"]
[BlackElo "2019"]

1.Nf3 d5 2.c4 d4 3.g3 c5 4.Bg2 Nc6 5.O-O e5 6.d3 Bd6 7.e3 f6 8.exd4 cxd4
9.Na3 Nge7 10.Nc2 O-O 11.a3 a6 12.Re1 Rb8 13.Nd2 b5 14.cxb5 axb5 15.Ne4 Bc7
16.Bd2 Ba5 17.Rc1 Kh8 18.Bxa5 Qxa5 19.b4 Qa7 20.Nc5 Nd8 21.Qe2 Ne6 22.Nxe6 Bxe6
23.f4 Ng6 24.h4 Rfe8 25.h5 Nf8 26.fxe5 Nd7 27.exf6 Nxf6 28.Qe5 Bb3 29.Qc5 Rxe1+
30.Nxe1 Qxa3 31.h6 Rg8 32.Qg5 Qa7 33.Rc6 Qe7 34.hxg7+ Rxg7 35.Qd2 Rxg3 36.Qf2 Rg6
37.Nf3  1-0

[Event "8th South Wales Int"]
[Site "Penarth WLS"]
[Date "2011.07.10"]
[Round "3.11"]
[White "Kett,T"]
[Black "Johannsson,O"]
[Result "1/2-1/2"]
[WhiteElo "2206"]
[BlackElo "1889"]

1.Nf3 d5 2.c4 c6 3.b3 Nf6 4.Bb2 Bg4 5.g3 Bxf3 6.exf3 e6 7.Bg2 Be7 8.O-O O-O
9.f4 Nbd7 10.d4 Qb6 11.Qc2 dxc4 12.bxc4 c5 13.d5 exd5 14.cxd5 Bd6 15.Nd2 Rac8
16.Nc4 Qc7 17.Rfe1 Rfe8 18.a4 Rxe1+ 19.Rxe1 Re8 20.Re3 b6 21.Qe2 Rd8 22.Be5 Ne8
23.h4 Nf8 24.h5 h6 25.Nxd6 Nxd6 26.Qg4 f5 27.Bxd6 Qxd6 28.Qxf5 a6 29.Bf1 Ra8
30.Qe5 Qd7 31.f5 b5 32.d6 Rd8 33.axb5 axb5 34.Qxc5 Qxd6 35.Qxd6 Rxd6 36.Bxb5 Kf7
37.Kg2 Rd2 38.g4 Nh7 39.Bc4+ Kf8 40.Kg3 Nf6 41.f3 Rd4 42.Be6 Rb4 43.Ra3 Rb7
44.Kh4 Ke7 45.f4 Nh7 46.Bd5 Rd7 47.Be6 Rb7 48.Ra4 Nf8 49.Ba2 Kf6 50.Ra6+ Ke7
51.g5 Rb4 52.Ra7+ Ke8 53.Kg3 Rb2 54.Ra8+ Ke7 55.Ra7+ Kd6 56.Bg8 Nd7 57.Be6 Nc5
58.Rxg7 hxg5 59.fxg5 Ke5 60.g6 Ne4+ 61.Kf3 Rf2+ 62.Ke3 Rh2 63.Ra7 Rh3+ 64.Ke2 Rxh5
65.g7 Nf6 66.Rf7 Rg5 67.Kf3 Nh5  1/2-1/2

[Event "8th South Wales Int"]
[Site "Penarth WLS"]
[Date "2011.07.10"]
[Round "3.6"]
[White "Cobb,J"]
[Black "Byron,A"]
[Result "1-0"]
[WhiteElo "2408"]
[BlackElo "2223"]

1.Nf3 d5 2.c4 c6 3.e3 e6 4.b3 Nf6 5.Bb2 a5 6.Nc3 Nbd7 7.d4 Bd6 8.Be2 O-O
9.O-O Ne4 10.Nxe4 dxe4 11.Nd2 f5 12.f4 c5 13.Nb1 Qe7 14.Nc3 b6 15.d5 Bb7
16.dxe6 Qxe6 17.Nb5 Bb8 18.g4 Nf6 19.gxf5 Qxf5 20.Qe1 Rd8 21.Rd1 Rf8 22.Qg3 a4
23.Rf2 axb3 24.axb3 g6 25.Rg2 Bc8 26.Qh4 Ra2 27.Rd2 Qh3 28.Qf2 Nh5 29.Bxh5 Qxh5
30.Nc3 Ra7 31.Nd5 Raf7 32.Qe1 Qf5 33.Rg5 Qe6 34.Rdg2 Bb7 35.Qc3 Rd7 36.f5 Rxf5
37.Rxf5 Qxf5 38.Qh8+ Kf7 39.Rf2 Qxf2+  1-0

[Event "Lev Polugaevsky Mem"]
[Site "Samara RUS"]
[Date "2011.07.10"]
[Round "6"]
[White "Velichko,Arseny"]
[Black "Maslova,Polina"]
[Result "1-0"]
[WhiteElo "1963"]
[BlackElo "1697"]

1.Nf3 d5 2.c4 c6 3.Qc2 Nf6 4.g3 dxc4 5.Qxc4 Bf5 6.d3 h6 7.Bg2 e6 8.O-O Be7
9.Bd2 O-O 10.Bc3 Nbd7 11.Bxf6 Bxf6 12.Nc3 Ne5 13.Nxe5 Bxe5 14.Rac1 Qe7 15.b4 Rfd8
16.Qb3 Rac8 17.Na4 Bd6 18.a3 Bg6 19.Rb1 b6 20.Rfc1 c5 21.b5 e5 22.Qc4 Bb8
23.Nb2 Rd4 24.Qc3 f5 25.Ra1 Rcd8 26.a4 f4 27.e3 fxe3 28.fxe3 R4d6 29.Rf1 Qg5
30.e4 h5 31.Kh1 Bf7 32.Rf5 Qh6 33.Raf1 Rf8 34.Rxe5 h4 35.g4 Rg6 36.Rh5 Qe3
37.Rf3 Qe2 38.Rxh4 Bd6 39.Rfh3 Be6 40.Rh8+ Kf7 41.Rf3+ Ke8 42.Rhxf8+ Bxf8
43.Qe5 Be7 44.Qb8+ Bd8 45.Qd6 Be7 46.Qc6+ Kd8 47.Qa8+ Bc8 48.Qd5+ Bd7 49.e5 Qxb2
50.Rf1 Qd4 51.Qa8+ Bc8 52.Be4 Rxg4 53.Bf5  1-0

[Event "Open ch-SVK A"]
[Site "Banska Stiavnica SVK"]
[Date "2011.07.11"]
[Round "3"]
[White "Dobrotka,M"]
[Black "Dolnak,Michal"]
[Result "1/2-1/2"]
[WhiteElo "2288"]
[BlackElo "2043"]

1.Nf3 d5 2.c4 e6 3.g3 Nf6 4.Bg2 c6 5.b3 Bd6 6.O-O b6 7.d3 Bb7 8.Bb2 O-O 9.Nbd2 c5
10.e3 Nc6 11.Qe2 Qe7 12.Nh4 Be5 13.Bxe5 Nxe5 14.cxd5 Bxd5 15.Nc4 Bxg2 16.Nxg2 Nxc4
17.dxc4 Rad8 18.Rfd1 h6 19.f3 Rxd1+ 20.Rxd1 Rd8 21.Ne1 Rxd1 22.Qxd1 Qd7 23.Qd3 Kf8
24.Kf2 Ke7 25.Ke2 Qxd3+ 26.Kxd3 Nd7 27.f4 f5 28.e4 Kf6 29.e5+ Ke7 30.Nc2  1/2-1/2

[Event "5th LCT Open A"]
[Site "Leiden NED"]
[Date "2011.07.11"]
[Round "4"]
[White "Spirin,O"]
[Black "Howell,D"]
[Result "0-1"]
[WhiteElo "2491"]
[BlackElo "2625"]

1.Nf3 d5 2.c4 c6 3.e3 Nf6 4.Nc3 e6 5.b3 Nbd7 6.Qc2 Bd6 7.Bb2 O-O 8.Be2 dxc4
9.bxc4 e5 10.O-O Re8 11.d4 exd4 12.exd4 Nf8 13.Rad1 Ng6 14.Ne5 Nf4 15.Bf3 Qc7
16.Ne4 Nxe4 17.Bxe4 Ng6 18.f4 c5 19.Bd5 Nh8 20.dxc5 Bxc5+ 21.Kh1 Be6 22.Qc3 Bf8
23.Bxe6 Rxe6 24.Rd7 Qc8 25.Rfd1 Qe8 26.f5 Ra6 27.Ng4 Qe4 28.Qg3 Qxf5 29.h3 Ng6
30.Rxb7 Re8 31.Rb8 Rxb8 32.Qxb8 Rb6 33.Bxg7 Rxb8 34.Nh6+ Kxg7 35.Nxf5+ Kf6
36.Rf1 Ne5 37.Nd4+ Kg6  0-1

[Event "Myrhorod Open A"]
[Site "Myrhorod UKR"]
[Date "2011.07.11"]
[Round "4.15"]
[White "Kabachienko,A"]
[Black "Shalimov,V UKR"]
[Result "0-1"]
[WhiteElo "2068"]
[BlackElo "2367"]

1.Nf3 d5 2.c4 d4 3.g3 Nc6 4.Bg2 e5 5.d3 Bb4+ 6.Nbd2 a5 7.O-O Nf6 8.Ne1 O-O
9.Nc2 Bf5 10.a3 Bxd2 11.Bxd2 a4 12.Nb4 Na5 13.Qxa4 Nxc4 14.Qc2 Nxd2 15.Qxd2 c6
16.Rfc1 Re8 17.Rc5 Qd6 18.Rac1 h6 19.R5c4 Be6 20.Rc5 Nd7 21.R5c2 Bb3 22.Rc4 Bxc4
23.Rxc4 Rac8 24.Qc2 f5 25.Qd1 Nf6 26.h3 c5 27.Na2 b6 28.b4 e4  0-1

[Event "Opatija Summer Open"]
[Site "Opatija CRO"]
[Date "2011.07.11"]
[Round "1.1"]
[White "Rajter,Emil"]
[Black "Fercec,N"]
[Result "0-1"]
[WhiteElo "1821"]
[BlackElo "2450"]

1.Nf3 d5 2.c4 d4 3.e3 Nc6 4.exd4 Nxd4 5.g3 Bg4 6.Bg2 Qd6 7.d3 O-O-O 8.O-O Nf6
9.Nbd2 Kb8 10.Qa4 Bd7 11.Qd1 Bg4 12.Qa4 Ne2+ 13.Kh1 h5 14.b4 h4 15.Nxh4 g5
16.Nhf3 Qxd3 17.Nxg5 Bh6 18.Qb5 Bc8 19.Nxf7 Bxd2 20.Nxh8 Rxh8 21.h4 Qd4  0-1

[Event "8th South Wales Int"]
[Site "Penarth WLS"]
[Date "2011.07.11"]
[Round "5.4"]
[White "Pleasants,A"]
[Black "Radulski,J"]
[Result "0-1"]
[WhiteElo "2092"]
[BlackElo "2556"]

1.Nf3 d5 2.c4 e6 3.d4 Be7 4.Nc3 Nf6 5.Bg5 O-O 6.e3 Nbd7 7.Bd3 h6 8.Bh4 dxc4
9.Bxc4 a6 10.a3 b5 11.Ba2 Bb7 12.O-O c5 13.Rc1 Rc8 14.Qe2 Ne4 15.Bxe7 Qxe7
16.Nxe4 Bxe4 17.Nd2 Bb7 18.Bb1 cxd4 19.Qd3 Nf6 20.Rxc8 Rxc8 21.Qxd4 Rd8 22.Qc3 Qd6
23.Nf3 Ne4 24.Qc2 Rc8 25.Qe2 Bd5 26.Rd1 Qc5 27.Nd4 g6 28.h4 Qe7 29.Qg4 h5
30.Qh3 Qf6 31.f3 Nd6 32.e4 Bb7 33.Qg3 Nc4 34.b3 Ne3 35.e5 Qd8 36.Bxg6 Nxd1
37.Nxe6 fxe6 38.Bf5+ Kh8 39.Qg6 Qd4+  0-1

[Event "Lev Polugaevsky Mem"]
[Site "Samara RUS"]
[Date "2011.07.11"]
[Round "7"]
[White "Kondenko,A"]
[Black "Khairullin,A"]
[Result "0-1"]
[WhiteElo "2237"]
[BlackElo "1950"]

1.Nf3 d5 2.c4 c6 3.Qc2 Nf6 4.g3 Bg4 5.Bg2 e6 6.O-O Bd6 7.b3 O-O 8.Bb2 Nbd7
9.h3 Bh5 10.d3 e5 11.Nbd2 Qe7 12.e4 dxe4 13.dxe4 Bc5 14.Rfe1 Rad8 15.Nf1 Bxf3
16.Bxf3 Rfe8 17.Ne3 g6 18.h4 Nf8 19.a3 a5 20.Bc3 b6 21.Qb2 Rd7 22.b4 axb4
23.axb4 Bd4 24.Ra6 Red8 25.Bxd4 exd4 26.Ng2 Rc7 27.Nf4 N6d7 28.Nd3 Ne6 29.e5 c5
30.b5 Rb8 31.Bd5 Ng7 32.Qd2 Re8 33.Re4 Kh8 34.Qf4 Ne6 35.Qh6 Ng7 36.g4 Ne6
37.f4 Ng7 38.Qg5 Qf8 39.f5 gxf5 40.gxf5 f6 41.exf6 Nxf6 42.Rxe8 Ngxe8 43.Bg2 Rg7
44.Qf4 Qg8 45.Qf1 Ng4 46.Nf4 Ne3 47.Qf3 Rg4 48.Ra2 Qxc4 49.Ra8 Rg8 50.Qe4 Qf1+
51.Kh2 Ng4+  0-1

[Event "111th ch-SUI"]
[Site "Leukerbad SUI"]
[Date "2011.07.12"]
[Round "6"]
[White "Gloor,R"]
[Black "Filipovic,Br"]
[Result "0-1"]
[WhiteElo "2253"]
[BlackElo "2421"]

1.Nf3 d5 2.c4 c6 3.b3 Nf6 4.Bb2 Bg4 5.Ne5 Be6 6.d4 Nbd7 7.Qc2 Rc8 8.Nd2 g6
9.e3 Bf5 10.Bd3 Bxd3 11.Qxd3 Bg7 12.f4 O-O 13.O-O Ne8 14.Rac1 dxc4 15.Ndxc4 b5
16.Nd2 Nxe5 17.fxe5 Bxe5 18.Qe4 Bg7 19.Rxc6 Nd6 20.Rxc8 Qxc8 21.Qd3 Qb7 22.Rc1 Rc8
23.Rxc8+ Qxc8 24.Ba3 Nf5 25.Bc5 a6 26.Qe4 h5 27.Nf1 e6 28.Qf3 Qd8 29.Ng3 Nxg3
30.hxg3 Qa5 31.Qe2 Qc3 32.Bd6 Bxd4 33.Bf4 Bf6 34.e4 Bd4+ 35.Kh2 Qa1 36.Be3 Bxe3
37.Qxe3 Qxa2 38.Qc3 e5 39.Qc8+ Kh7 40.b4 Qc4 41.Qf8 Qe6 42.Kh1 Qf6 43.Kg1 Qb6+
44.Kh2 Qc7 45.Kh1 Qd7 46.Kh2 Qe6 47.Kh1 f5 48.exf5 gxf5 49.Qc5 Kg6 50.Kh2 Qf6
51.Kg1 Kg5 52.Qd5 f4 53.Qg8+ Kh6 54.gxf4 Qxf4 55.Qe6+ Kg5 56.Qe7+ Qf6 57.Qc5 h4
58.Qc8 Kf4 59.Qc5 Ke4 60.Qc3 Qf4 61.Kh1 Qf1+ 62.Kh2 Qc4 63.Qe1+ Kd5 64.Qd2+ Ke4
65.Qe1+ Kf5 66.Qb1+ e4 67.Qe1 Qc7+ 68.Kh1 Qf4 69.Qb1 Qd2 70.Qf1+ Kg4 71.Qa1 Qxb4
72.Qxa6 Qe1+ 73.Kh2 Qg3+ 74.Kh1 Qe1+ 75.Kh2 b4 76.Qg6+ Kf4 77.Qh6+ Ke5 78.Qg7+ Kd5
79.Qd7+ Kc4 80.Qc6+ Kb3 81.Qd5+ Ka3 82.Qa5+ Kb2 83.Qe5+ Ka2 84.Qd5+ b3  0-1

[Event "3rd International Open"]
[Site "Rethymno GRE"]
[Date "2011.07.12"]
[Round "2"]
[White "Georgiadis,I"]
[Black "Kudriashova,I"]
[Result "1-0"]
[WhiteElo "2464"]
[BlackElo "2109"]

1.Nf3 d5 2.c4 dxc4 3.e3 Bf5 4.Bxc4 e6 5.d4 Nd7 6.O-O Nb6 7.Be2 Nf6 8.Nc3 Be7
9.Nh4 Bg6 10.g3 O-O 11.Nxg6 hxg6 12.Bf3 Nbd5 13.Qb3 Rb8 14.Rd1 c6 15.e4 Nxc3
16.bxc3 Qb6 17.Qc2 c5 18.Bf4 Rbd8 19.Rab1 Qa6 20.d5 exd5 21.e5 Ne4 22.c4 g5
23.cxd5 gxf4 24.Bxe4 Bg5 25.d6 b6 26.Bd5 Qc8 27.Qe4 fxg3 28.hxg3 Qh3 29.Rb3 Qh5
30.g4 Qh7 31.Qxh7+ Kxh7 32.Rh3+ Bh6 33.g5 Rfe8 34.f4 a6 35.gxh6 gxh6 36.Bxf7  1-0

[Event "St Pauli Open"]
[Site "Hamburg GER"]
[Date "2011.07.13"]
[Round "6.35"]
[White "Neiss,JM"]
[Black "Tscherepanov,L"]
[Result "1-0"]
[WhiteElo "2076"]
[BlackElo "1841"]

1.Nf3 d5 2.c4 e6 3.g3 Nf6 4.b3 Be7 5.Bb2 O-O 6.Bg2 c5 7.cxd5 exd5 8.d4 Nc6
9.O-O Ne4 10.dxc5 Bf6 11.Nd4 Re8 12.e3 Qe7 13.Nc3 Nxc3 14.Bxc3 Qxc5 15.Rc1 Qb6
16.Bxd5 Ne5 17.Nf3 Bg4 18.Bxe5 Rxe5 19.Rc4 Rd8 20.Rxg4 Rexd5 21.Qc2 h5 22.Rc4 g5
23.Rc8 Qe6 24.Rxd8+ Rxd8 25.Rd1 Rc8 26.Qd3 g4 27.Nd4 Qe5 28.Qb5 Qe4 29.Qxh5 Bxd4
30.exd4 Qf3 31.Qg5+ Kh7 32.Qd2 Rd8 33.d5 Rd6 34.Qd3+ Qxd3 35.Rxd3 Kg6 36.Kg2 Kg5
37.h4+ gxh3+ 38.Kxh3 f5 39.Kg2 b6 40.Kf3 a5 41.a4 Rd8 42.d6 Rd7 43.Rd4 Kf6
44.Kf4 Ke6 45.f3 Kf6 46.Rd5 Ke6 47.Re5+ Kxd6 48.Rxf5 Ke6 49.Rb5 Rd6 50.g4 Rd4+
51.Ke3 Rd6 52.Ke4 Kf7 53.f4 Kf6 54.g5+ Ke7 55.f5 Kd7 56.Ke5 Rc6 57.g6 Ke7
58.Rd5 Rc8 59.f6+ Ke8 60.Ke6 Kf8 61.Rd6 Re8+ 62.Kd7 Re3 63.Kc7 Rc3+ 64.Kb7 Ke8
65.Rxb6 Kf8 66.Ka6  1-0

[Event "Myrhorod Open A"]
[Site "Myrhorod UKR"]
[Date "2011.07.13"]
[Round "8.25"]
[White "Kabachienko,A"]
[Black "Shepelev,I"]
[Result "1/2-1/2"]
[WhiteElo "2068"]
[BlackElo "2152"]

1.Nf3 d5 2.c4 Nf6 3.g3 Nc6 4.cxd5 Nxd5 5.Bg2 e5 6.d3 g6 7.O-O Bg7 8.Bg5 Nde7
9.Nc3 h6 10.Bd2 O-O 11.a3 a5 12.Rb1 Nf5 13.b4 axb4 14.axb4 Ncd4 15.Nxd4 exd4
16.Ne4 c6 17.b5 Be6 18.Bb4 Re8 19.Nc5 Qc8 20.Nxe6 Qxe6 21.bxc6 bxc6 22.Bf3 Ne7
23.Bxe7 Rxe7 24.Rb6 Rc7 25.Qc2 Rac8 26.Qc5 Qe5 27.Rc1 h5 28.Kg2 Qe8 29.Rc2 Bf6
30.Rxc6 Rxc6 31.Bxc6 Qe6 32.Qc4 Qd6 33.Qa4 Qc7 34.Rc4 Qd6 35.Be4 Rc7 36.Rb4 Kg7
37.Rb8 Rd7 38.Rc8 Rd8 39.Rc6 Qe7 40.Qa6 h4 41.Rb6 Rh8 42.h3 hxg3 43.fxg3 Be5
44.Qb7 Qxb7 45.Rxb7 Rb8 46.Ra7 Rc8 47.Bd5 Rc7 48.Rxc7 Bxc7 49.Kf3 f5 50.g4 Bb6
51.Kf2 Kf6 52.gxf5 gxf5 53.Kf3 Bc5 54.h4 Bb6 55.Kf4 Ba7 56.h5 Bb6 57.Bc6 Bc7+
58.Kf3 Bb8 59.Be8 Kg5 60.Bd7 Ba7 61.h6 Kxh6 62.Bxf5 Kg5  1/2-1/2

[Event "Lev Polugaevsky Mem"]
[Site "Samara RUS"]
[Date "2011.07.13"]
[Round "9"]
[White "Zhurikhin,A"]
[Black "Ivakhinova,I"]
[Result "1/2-1/2"]
[WhiteElo "2223"]
[BlackElo "2302"]

1.Nf3 d5 2.c4 c6 3.b3 Nf6 4.Bb2 Bg4 5.Ne5 Bh5 6.g3 Nbd7 7.Nxd7 Qxd7 8.Bg2 e6
9.O-O Bd6 10.d3 O-O 11.Qc2 e5 12.c5 Bc7 13.h3 d4 14.Na3 Rae8 15.b4 a6 16.Rfe1 Bg6
17.Rad1 Bf5 18.Kh2 h5 19.Nc4 Nd5 20.e4 dxe3 21.fxe3 Bg6 22.e4 Nxb4 23.Qc3 a5
24.a3 Na6 25.d4 Qe7 26.d5 Qxc5 27.d6 Bd8 28.Nxe5 Re6 29.Nc4 f6 30.d7 Nb8
31.h4 Re7 32.e5 Rxd7 33.Rxd7 Nxd7 34.e6 Nb8 35.Qb3 Qe7 36.Nd6 Bc7 37.Nxb7 f5
38.Kg1 f4 39.gxf4 Kh7 40.Rf1 Bxf4 41.Bc1 Bxc1 42.Rxc1 Re8 43.Re1 Bf5 44.Re5 Qf6
45.Qg3 Rxe6 46.Rxe6 Qxe6 47.Nd8 Qc8 48.Nf7 Qf8 49.Ng5+ Kh8 50.Qf3 Qc5+ 51.Kh1 Bg6
52.Qd1 Qf8 53.Bf3 Qe8 54.Qd2 a4 55.Qd6 Kg8 56.Kg2  1/2-1/2

[Event "Pinnacle 48th COCC"]
[Site "Toronto CAN"]
[Date "2011.07.13"]
[Round "5"]
[White "Dougherty,M"]
[Black "Cheng,Bi"]
[Result "0-1"]
[WhiteElo "2217"]
[BlackElo "2385"]

1.Nf3 d5 2.c4 c6 3.e3 Nf6 4.Nc3 a6 5.b3 Bf5 6.d4 e6 7.Bd3 Bb4 8.Qc2 Bxd3
9.Qxd3 Nbd7 10.O-O O-O 11.Bd2 Qe7 12.Rfd1 Rfd8 13.Rac1 Bd6 14.c5 Bc7 15.b4 e5
16.dxe5 Nxe5 17.Nxe5 Qxe5 18.g3 Qh5 19.Qe2 Ng4 20.f3 Ne5 21.Kg2 Re8 22.Be1 f5
23.Rd4 Re6 24.Bf2 Rae8 25.Re1 g5 26.h3 Qf7 27.Qd1 h6 28.g4 fxg4 29.fxg4 Rf6
30.Bg3 Nf3 31.Bxc7 Nxe1+ 32.Qxe1 Qxc7  0-1

[Event "Najdorf Memorial"]
[Site "Warsaw POL"]
[Date "2011.07.13"]
[Round "1"]
[White "Bjarnehag,P"]
[Black "Starostits,I"]
[Result "0-1"]
[WhiteElo "2146"]
[BlackElo "2500"]

1.Nf3 d5 2.c4 c6 3.d4 dxc4 4.a4 Nf6 5.Nc3 Bf5 6.Ne5 Nbd7 7.Nxc4 Nd5 8.Qb3 Rb8
9.Bg5 N7f6 10.e3 Be6 11.a5 g6 12.Be2 Bg7 13.Bh4 b5 14.axb6 axb6 15.Qc2 O-O
16.O-O c5 17.dxc5 bxc5 18.Rfd1 Qc8 19.e4 Nb4 20.Qb1 Nc6 21.Nd5 Bxd5 22.exd5 Nd4
23.Bf1 Nxd5 24.Qe4 Qf5 25.Qxf5 gxf5 26.Rac1 f4 27.Nd2 Rfc8 28.Ne4 Rxb2 29.Rxc5 Rxc5
30.Nxc5 e6 31.Ra1 Rb8 32.Bc4 Nf5  0-1

[Event "Opatija Summer Open"]
[Site "Opatija CRO"]
[Date "2011.07.14"]
[Round "4.8"]
[White "Slamar,V"]
[Black "Jergovic,A"]
[Result "1-0"]
[WhiteElo "2184"]
[BlackElo "2001"]

1.Nf3 d5 2.c4 c6 3.g3 Nf6 4.Bg2 g6 5.O-O Bg7 6.d4 O-O 7.Nc3 dxc4 8.Ne5 Be6
9.Bf4 Nd5 10.e4 Nxf4 11.gxf4 Qc8 12.Qf3 Nd7 13.d5 Nxe5 14.fxe5 cxd5 15.exd5 Bf5
16.Qe3 Qc7 17.Rfe1 a6 18.Rad1 Rad8 19.d6 exd6 20.Nd5 Qd7 21.Nf6+ Bxf6 22.exf6 Kh8
23.Qh6 Rg8 24.Rd4 Rde8 25.Qh4  1-0

[Event "8th South Wales Int"]
[Site "Penarth WLS"]
[Date "2011.07.14"]
[Round "9.1"]
[White "Wells,P"]
[Black "Radulski,J"]
[Result "1/2-1/2"]
[WhiteElo "2489"]
[BlackElo "2556"]

1.Nf3 d5 2.c4 e6 3.g3 c6 4.Qc2 Na6 5.a3 Nf6 6.Bg2 Be7 7.O-O O-O 8.d4 Ne4
9.b4 Nc7 10.Nc3 Nxc3 11.Qxc3 a5 12.bxa5 Ne8 13.c5 Rxa5 14.a4 f6 15.Qb3 Nc7
16.Bb2 e5 17.dxe5 Ne6 18.exf6 Bxf6 19.Bxf6 Qxf6 20.Rac1 Rxc5 21.Qb4 Rxc1
22.Rxc1 Ng5 23.a5 Ne4 24.Qb6 Nc3 25.Qe3 Nb5 26.Qe5 Bd7 27.Qxf6 gxf6 28.Nd2 Kf7
29.Nb3 Ke7 30.e4 d4 31.Bf1 Be6 32.Nc5 Nd6 33.Rb1 Ra8 34.Nxb7 Nxb7 35.Rxb7+ Kd6
36.a6 f5 37.exf5 Bxf5 38.Rb4 Kd5 39.Ra4 Bc2 40.Ra5+ Kd6 41.Ra1 Ra7 42.f4 c5
43.Bc4 Be4 44.Kf2 Bd5 45.Bxd5 Kxd5 46.Ke2 c4 47.Ra5+ Kc6 48.f5 Kb6 49.Ra1 Re7+
50.Kd2 Ka7 51.f6 Rf7 52.Ra4 Rxf6  1/2-1/2

[Event "Nana Aleksandria Cup"]
[Site "Poti GEO"]
[Date "2011.07.14"]
[Round "4"]
[White "Sulashvili,M"]
[Black "Eranyan,K"]
[Result "1/2-1/2"]
[WhiteElo "2476"]
[BlackElo "2178"]

1.Nf3 d5 2.c4 c6 3.g3 g6 4.Bg2 Bg7 5.d4 Nf6 6.O-O O-O 7.cxd5 cxd5 8.Ne5 Nc6
9.Nc3 Nxe5 10.dxe5 Ng4 11.Nxd5 Nxe5 12.Bg5 Nc6 13.Nxe7+ Nxe7 14.Qxd8 Rxd8
15.Bxe7 Re8 16.Ba3 Rxe2 17.Bf3 Re8 18.Rac1 Be6 19.b3 Rad8 20.Bxb7 Rd2 21.Bc5 Rxa2
22.b4 Rb8 23.Bc6 Bf8 24.Rfd1 a5 25.b5 Bxc5 26.Rxc5 a4 27.Rb1 a3 28.Rcc1 Rb6
29.Rb4 Rd2 30.Ra4 a2 31.Kg2 Rb2 32.Rc3 R6xb5 33.Bxb5 Bd5+ 34.Kf1 Rb1+ 35.Ke2 a1=Q
36.Rxa1 Rxa1 37.h4 h5 38.Bd3 Kg7 39.Rc5 Be6  1/2-1/2

[Event "2nd Girona Open"]
[Site "Girona ESP"]
[Date "2011.07.15"]
[Round "2"]
[White "Urbano Cabrera,M"]
[Black "Salgado Allaria,C"]
[Result "0-1"]
[WhiteElo "1782"]
[BlackElo "2325"]

1.Nf3 d5 2.c4 c6 3.g3 Nf6 4.Bg2 dxc4 5.a4 Be6 6.O-O Qb6 7.Qc2 Bd5 8.Na3 Qb3
9.Qxb3 cxb3 10.Nd4 e5 11.Bxd5 cxd5 12.Nxb3 Nc6 13.Nb5 Rc8 14.d4 e4 15.Bf4 a6
16.Nd6+ Bxd6 17.Bxd6 Kd7 18.Ba3 b6 19.Rac1 Rhe8 20.e3 Ng4 21.Rc3 a5 22.Rfc1 Na7
23.Rxc8 Rxc8 24.Rxc8 Nxc8 25.Bf8 g6 26.h3 Nf6 27.Nd2 Kc6 28.Nb1 b5 29.Nc3 bxa4
30.Nxa4 Nd7 31.Ba3 Ncb6 32.Nc3 Nc4 33.Kf1 Nb8 34.Ke1 Na6 35.Kd1 Nc7 36.Kc2 Nb5
37.Nxb5 Kxb5 38.Be7 f5 39.h4 Nb6 40.Bf8 Nc8 41.Bc5 Nb6 42.Be7 Nd7 43.Ba3 Nf6
44.Kd2 Kc4 45.Ke2 Kb3 46.Ke1 Nd7 47.Kd1 Nb6 48.Kc1 Nc4  0-1